00548nam a2200181 a 450000100060000000300090000600800410001502000150005604000280007108200160009910000160011524501170013126000310024830000110027965000270029065000260031765000230034319833CO-ViMGA141112s2004 ck r 000 u spa d a958045812X aCO-ViMGAbspacCO-ViMGA04a158.7 L953s1 aLyles, Dick10aEl Secreto de los zapatos viejos : b4 formulas para obtener excelentes resultados trabajando bien con los demas aBogotá : bNorma, c2000 a144 p.14aPSICOLOGIA DEL TRABAJO14aPSICOLOGIA INDUSTRIAL14aRELACIONES HUMANAS